1376 1888 1288 1469 1733 1750 1529 1094 1244 1505 1324 1911 1992 1866 1190 1719 1586 1545 1367 1013 1458 1180 1584 1172 1767 1832 1568 1442 1547 1704 1572 1303 1028 1032 1863 1496 1809 1307 1952 1220 1157 1809 1796 1284 1558 1079 1411 1288 1230 1835 1366 1414 1007 1568 1200 1676 1842 1083 1735 1980 1356 1422 1442 1206 1030 1766 1372 1572 1901 1338 1929 1459 1499 1408 1911 1526 1447 1033 1658 1562 1281 1085 1507 1033 1797 1509 1386 1496 1511 1117 1291 1688 1591 1627 1961 1938 1516 1895 1680 BCNSPRNW ULIB Ver.6.0+V

เปลี่ยนเป็นภาษาไทย

Change to English
 แสดงรายละเอียดบรรณานุกรม
  กลับหน้าหลัก

Brief Record : Get Marc (ISO 2709) : E-mail record : QR code < ปิดหน้าต่าง
LEADER : 00000nas 2200000uu 4500
001    13399115140
003     ULIB
008    120712s||||||||th 000 0 tha d
022    ^a19052782
110    ^aกองสนับสนุนสุขภาพภาคประชาชน
245    ^aวารสารสุขภาพภาคประชาชน(วิทยาเขตนครสวรรค์)/^cกองสนับสนุนสุขภาพภาคประชาชน
260    ^aกรุงเทพฯ :^bกองสนับสนุนสุขภาพภาคประชาชน,^cม.ป.ป.
310    ^aรายสองเดือน
850    ^aปีที่ 7 ฉบับที่ 4;ปีที่ 8 ฉบับที่ 6
945    ^p0^l0^i800180
945    ^p0^l0^i800622
999 ^a ใช้งานได้ทุกระบบ
รายการนี้ยังไม่มีแท็ก
คุณยังไม่ได้ล็อกอิน คุณสามารถมีกิจกรรมร่วมกับเว็บไซต์ได้ แต่ต้องล็อกอินก่อน ::
  ล็อกอิน

รายการสื่อสารสนเทศ (วารสาร)

ดูแบบ: กล่อง รายการ
ARRIVED
ปีที่ 7 ฉบับที่ 4
สถานที่: ห้องสมุดวิทยาเขตสวรรค์ประชารักษ์ >วารสาร
ARRIVED
ปีที่ 8 ฉบับที่ 6
สถานที่: ห้องสมุดวิทยาเขตนครสวรรค์ >วารสาร

BibComment


ยังไม่เคยถูกคอมเมนท์

คอมเมนท์ทรัพยากรรายการนี้
  คอมเมนท์: วารสารสุขภาพภาคป..


 Copyright 2026. Bcnsprnw @Library